[Event "Foros Aerosvit"]
[Site "Foros"]
[Date "2007.06.23"]
[Round "6"]
[White "Svidler, Peter"]
[Black "Karjakin, Sergey"]
[Result "1/2-1/2"]
[WhiteElo "2736"]
[BlackElo "2686"]
[Annotator "Krasenkow,M"]
[PlyCount "58"]
[EventDate "2007.06.18"]
[EventType "tourn"]
[EventRounds "11"]
[EventCountry "UKR"]
[EventCategory "18"]
[SourceTitle "CBM 119"]
[Source "ChessBase"]
[SourceDate "2007.08.01"]
[SourceVersion "1"]
[SourceVersionDate "2007.08.01"]
[SourceQuality "1"]

1. d4 d5 2. c4 c6 3. Nf3 Nf6 4. Nc3 e6 5. e3 Nbd7 6. Qc2 Bd6 7. g4 h6 8. Bd2
dxc4 {This move order has recently become the most popular reaction to the
Shabalov-Shirov attack.} 9. Bxc4 b5 10. Be2 Bb7 11. g5 (11. e4 {and}) (11. Rg1
{are the other possibilities.}) 11... hxg5 12. Nxg5 {Eventual blows on e6 and
f7 now come into consideration.} Qb6 (12... Bf8 $6 13. e4 $1 c5 14. d5 exd5 15.
e5 Nxe5 16. Bxb5+ Nc6 17. O-O-O Be7 18. Rhg1 Rg8 19. Bf4 Qd7 20. Rge1 a6 21.
Ba4 Rd8 22. f3 Rh8 23. Rg1 Rg8 24. Rge1 Rh8 25. Nge4 $1 Nxe4 26. Rxd5 Nxc3 27.
Rxd7 Nxa2+ 28. Kb1 Rxd7 29. Qxc5 Nab4 30. Rxe7+ Rxe7 31. Qxb4 Rd7 32. Qe4+ {
1-0 Pedersen,S-Smeets,J/Vlissingen 2006/CBM 113 ext}) (12... Qe7 {is quite
logical preparing long castling if necessary. It needs more tests. Here is a
practical example:} 13. Nce4 (13. Bf3 Nd5 14. Nge4 Bxh2 15. O-O-O f5 16. Ng3
Nb4 17. Qb1 O-O-O 18. a3 Na6 19. Qc2 b4 20. Na4 bxa3 21. Ba5 a2 22. Kd2 Ne5 23.
Be2 Rd5 24. Qc3 c5 $19 {0-1 Pedersen,S-Rasmussen,K/Aalborg 2006/CBM 111 ext 
(36)}) 13... Nxe4 14. Nxe4 O-O $6 (14... Bc7 $142 $5 15. f4 $5) 15. Nxd6 (15.
Rg1 $5) 15... Qxd6 16. Bf3 Rab8 17. O-O-O Rfc8 18. Rhg1 Qf8 19. Rg5 c5 20. d5
f6 21. Rh5 exd5 22. Qh7+ Kf7 23. Rg1 Re8 24. Rxd5 $1 $18 {1-0 Sargissian,
G-Hillarp Persson,T/Reykjavik 2006/CBM 111 ext (28)}) 13. O-O-O $146 (13. Nce4
{is not so strong now due to} Nxe4 14. Nxe4 Be7 {[%cal Rc6c5] e.g.} 15. b4 a5
$5 16. bxa5 Rxa5 17. Nc5 (17. Bxa5 Qxa5+ 18. Kf1 c5 $1 $36) 17... Nxc5 18. dxc5
Bxc5 19. Bxa5 Qxa5+ 20. Kf1 Bd6 21. Bf3 Ke7 22. h4 b4 23. Rd1 g5 24. Qe4 Ba6+
25. Be2 Qxa2 26. Bxa6 Qxa6+ 27. Kg2 Qb5 $15 {0-1 Sargissian,G-Smeets,J/Wijk
aan Zee 2007/CBM 117 (38)}) 13... b4 14. Na4 Qa5 15. Rhg1 $6 {Allowing a
dangerous invasion of the black rook.} (15. e4 {will probably be tested in
future practice.}) 15... Rxh2 16. Be1 Rc8 {[%cal Rc6c5]} 17. Bf3 Rh6 $6 (17...
Nd5 $142 $1 $17 {[%cal Rd5e3,Rc6c5] attacking the e3 pawn and renewing the ...
c6-c5 threat as} 18. Nxf7 Kxf7 19. Qg6+ Ke7 {is not dangerous for Black.}) 18.
a3 $1 Ba6 19. Kb1 c5 20. dxc5 Bxc5 21. Nxc5 Rxc5 (21... Qxc5 $5 22. Qxc5 Nxc5
23. Bxb4 Nd3 $132) 22. axb4 Qa1+ 23. Kxa1 Rxc2 24. Ne4 (24. Kb1 $142 Rc7 25.
Bc3 $36 {^^}) 24... Ne5 25. Nxf6+ Rxf6 26. Be4 Rc4 27. Bh1 (27. Ba8 $142 Nf3 (
27... Ng4 $5) 28. Bxf3 {-game}) 27... Nf3 {Now Black misses a good possibility:
} (27... Nd3 $1 28. Bc3 Nxf2 $1 {although White should survive after accurate
defence:} 29. Rd4 (29. Bxf6 Nxd1 30. Rxg7 Nxe3) (29. Rd6 e5 $1) 29... e5 $1 30.
Rd5 Re6 31. Ra5 $1 {[%cal Yb4b5,Rh1d5]} (31. Rxe5 $143 Rxe5 32. Bxe5 Nxh1 33.
Rxh1 g5 $15) 31... Nxh1 32. Rxh1 f6 (32... Bb7 33. Rh8+ Kd7 34. Bxe5 a6 35.
Bxg7 Rxe3 36. Bc3 $11) 33. b5 Bb7 34. Rh8+ Kd7 35. Rxa7 Rb6 36. Rb8 Kc7 37. Rg8
Rxb5 38. Rxg7+ Kb8 39. Ra3 $11) 28. Bxf3 Rxf3 29. Rxg7 Bb5 (29... Bb5 30. Rg8+
Ke7 31. Rb8 a6 {and White can't make use of his extra pawn.}) 1/2-1/2

[Event "Alekhine Memorial"]
[Site "Paris/St Petersburg"]
[Date "2013.04.21"]
[Round "1"]
[White "Ding, Liren"]
[Black "Aronian, Levon"]
[Result "1-0"]
[WhiteElo "2707"]
[BlackElo "2809"]
[Annotator "Krasenkow,M"]
[PlyCount "91"]
[EventDate "2013.04.21"]
[EventType "tourn"]
[EventRounds "9"]
[EventCountry "FRA"]
[EventCategory "20"]
[SourceTitle "CBM 154"]
[Source "ChessBase"]
[SourceDate "2013.05.15"]
[SourceVersion "1"]
[SourceVersionDate "2013.05.15"]
[SourceQuality "1"]

1. d4 d5 2. c4 c6 3. Nf3 Nf6 4. Nc3 a6 5. e3 e6 6. c5 Nbd7 7. b4 b6 {For this
move order - see CBM 137, annotations to Onischuk - Motylev.} 8. Bb2 a5 9. a3
Be7 10. Bd3 (10. Be2 O-O 11. O-O Ba6 12. Bxa6 {1/2 (49) Vachier Lagrave,M 
(2686)-Melkumyan,H (2639) Biel 2012 with a transposition.}) 10... O-O 11. O-O (
11. Qc2 Qc7 12. O-O Ba6 13. Bxa6 Rxa6 14. Rfc1 Qb7 15. Rab1 axb4 16. axb4 Rfa8
17. h3 {1/2 (44) Onischuk,A (2699)-Motylev,A (2704) Poikovsky 2010 CBM 137 
[Krasenkow,M]} Qc7 $11 18. Nd2 $140 bxc5 19. bxc5 e5) 11... Ba6 (11... Qc7 12.
Qe2 axb4 (12... Bb7 13. Na4 axb4 14. axb4 bxc5 15. Nxc5 Bxc5 16. bxc5 Ne4 17.
Qc2 f5 18. Rfb1 h6 19. h3 Rfb8 20. Bc3 Qc8 21. Be1 Ba6 22. Rxb8 Nxb8 23. Qa2
Bb7 24. Qb2 $16 {1-0 Fressinet,L (2664)-Akopian,V (2696)/Paris 2009/CBM 130
Extra (68)}) 13. axb4 Bb7 14. h3 bxc5 15. bxc5 Rxa1 16. Rxa1 Ra8 17. Qd1 Rxa1
18. Qxa1 h6 19. Qa4 Bd8 20. Na2 Qa5 21. Qxa5 Bxa5 22. Bc3 Bc7 23. Nd2 Kf8 24.
Nb3 Ke7 25. Ba5 $14 {1-0 Aronian,L (2754)-Akopian,V (2696)/Nalchik 2009/CBM
130 (94)}) 12. Ne1 $5 $146 {[%mdl 8] White prepares f2-f4 and intends to
recapture with the knight in the event of ...Ba6xd3. Practice has seen:} (12.
Qe2 Bxd3 13. Qxd3 Qc7 14. h3 Rfb8 15. Rfb1 Rb7 16. Qc2 h6 17. Nd2 Rab8 18. Bc1
axb4 19. axb4 e5 $11 {1/2 (49) Matlakov,M (2600)-Jakovenko,D (2725) Dagomys
2010}) (12. h3 Qc7 13. Bxa6 Rxa6 14. Qe2 Rfa8 15. Rfc1 axb4 16. axb4 Rxa1 17.
Rxa1 Rxa1+ 18. Bxa1 Qb7 19. Qa2 Ne8 20. Ne2 Nc7 21. Bc3 Bf6 22. Qa1 Nb5 23. Bb2
Nc7 24. Bc3 Nb5 25. Bb2 Nc7 {1/2 (25) Tratar,M (2489)-Martinovic,S (2527)
Slovenia 2011}) (12. Bxa6 Rxa6 13. b5 (13. Qe2 Qc8 14. Rab1 axb4 15. axb4 Ra8
16. Nd2 bxc5 17. bxc5 Qa6 18. Qxa6 Rxa6 19. Ra1 Rfa8 20. Rxa6 Rxa6 21. Ra1
Rxa1+ 22. Bxa1 e5 $11 {1/2 (49) Vachier Lagrave,M (2686)-Melkumyan,H (2639)
Biel 2012}) 13... cxb5 (13... Ra8 14. bxc6 Nb8 15. Ne5 bxc5 16. dxc5 Qc8 17.
Na4 Qc7 18. Ng4 Nxc6 19. Nxf6+ Bxf6 20. Bxf6 gxf6 21. Rb1 $14 {1/2 (55)
Khismatullin,D (2664)-Iskusnyh,S (2478) Samara 2012}) 14. c6 Nb8 15. Ne5 b4 16.
Nb5 Ne8 17. a4 $1 f6 18. Rc1 Nc7 19. Nd3 Ra8 20. Nf4 Nba6 $13 {1-0 (38)
Kortschnoj,V (2579)-Golod,V (2552) Beersheba 2004 CBM 101 [Golod,V]}) 12... Bc4
{[%mdl 32] This move (by the way, a computer suggestion) is probably not bad
but Black has not analysed it properly. As a result, White obtains a pawn
advantage in the centre and exploits it.} (12... bxc5 13. bxc5 e5 $6 {is met
with a typical counterblow:} 14. dxe5 Nxe5 15. Bxa6 Rxa6 16. Nxd5 $1 cxd5 17.
Bxe5 Bxc5 18. Nf3 $14 {[%csl Rd5]}) 13. Bxc4 dxc4 14. Qe2 Rb8 (14... Qb8 $1 {
may be an improvement. If} 15. Qxc4 (15. f4 Nd5) (15. Rb1 $5 {is probably the
move to analyse}) {then} 15... bxc5 16. dxc5 Ne5 17. Qf4 {(the only way to
keep protecting the b4-pawn)} Nh5 18. Qe4 Nf6 $11) ({And if Black wanted to
play ...b6-b5, taking into consideration White's space advantage, it was
probably better to trade a pair of rooks first:} 14... axb4 15. axb4 Rxa1 16.
Bxa1 b5) 15. Ra2 (15. Rb1 $5 {deserves attention here, too.}) 15... b5 16. e4
Rb7 $6 ({It was not late to come back and exchange the rooks:} 16... Ra8) 17.
Nc2 Nb8 18. Raa1 {White has consolidated his position and has easy play,
without any counterchances for Black.} Qc8 19. Rad1 Rd8 20. Bc1 Na6 21. Bf4
Rbd7 22. h3 Ne8 23. Qe3 Bf6 24. e5 Be7 25. Ne4 {The knight now invades d6.
Sooner or later, Black will have to exchange it, and White will obtain a
powerful passed pawn.} Nac7 26. Nd6 Qa8 27. Qg3 Nd5 28. Ne3 Nc3 $5 {This
tactical trick doesn't solve Black's problems.} 29. Rde1 Bxd6 30. exd6 Ne4 31.
Qh4 Nd2 32. Nd5 $1 Nxf1 33. Nb6 Qa7 34. Rxf1 Nf6 (34... axb4 35. axb4 Nf6 {
was probably better:} 36. Be5 (36. Bg5 Rxd6 37. cxd6 Qxb6 38. Bxf6 gxf6 39. Ra1
$5 {is an interesting way for White to exploit the opening of the a-file but
after} Qb8 (39... Kf8 $2 40. Qxf6 Rxd6 41. Ra8+) 40. Ra3 Qxd6 41. Qh6 f5 42.
Rg3+ Qxg3 43. fxg3 Rxd4 {Black's fortress with the rook on d5 may be difficult
to break}) 36... Nd5 37. Nxd5 exd5 38. Bxg7 Kxg7 39. Qg5+ Kf8 40. Qf6 Kg8 41.
Re1 {Compared to the game continuation, Black can defend by means of} Qa2 42.
Re3 Qb1+ 43. Kh2 Qg6 44. Rg3 Re8 {Only a deep analysis can show whether White
can win here or not.}) 35. Be5 (35. Bg5 {is now even less formidable due to}
Rxd6 $1 36. cxd6 Qxb6 37. Bxf6 gxf6 38. Re1 Kf8 39. Qxf6 Rxd6 40. Re4 Qd8 {
, and Black holds on.}) 35... Nd5 (35... axb4 {is too late due to} 36. Nxd7
Rxd7 37. Bxf6 $1 gxf6 38. axb4 $18 {[%csl Rc6,Rg8]}) 36. Nxd5 exd5 37. Bxg7 $1
{[%mdl 192] A final winning blow.} Kxg7 38. Qg5+ Kf8 39. Qf6 Kg8 40. Qg5+ Kf8
41. Qf6 Kg8 42. Re1 axb4 43. Re5 $1 h6 44. Rh5 Qxa3 45. Qxh6 f6 46. Qxf6 1-0

[Event "Foros Aerosvit"]
[Site "Foros"]
[Date "2007.06.28"]
[Round "10"]
[White "Van Wely, Loek"]
[Black "Rublevsky, Sergei"]
[Result "1/2-1/2"]
[WhiteElo "2674"]
[BlackElo "2680"]
[Annotator "Krasenkow,M"]
[PlyCount "87"]
[EventDate "2007.06.18"]
[EventType "tourn"]
[EventRounds "11"]
[EventCountry "UKR"]
[EventCategory "18"]
[SourceTitle "CBM 119"]
[Source "ChessBase"]
[SourceDate "2007.08.01"]
[SourceVersion "1"]
[SourceVersionDate "2007.08.01"]
[SourceQuality "1"]

1. d4 d5 2. c4 c6 3. Nc3 Nf6 4. e3 e6 5. Nf3 a6 6. b3 Bb4 7. Bd2 Nbd7 8. Bd3
O-O 9. O-O Bd6 10. e4 dxc4 11. bxc4 e5 12. c5 Bc7 13. Na4 exd4 14. Bg5 {
A relatively new idea in a well-known theoretical position.} (14. h3 {was
played in most of previous games, with no final conclusion:} Re8 15. Re1 (15.
Qc2 h6 16. Rae1 Nf8 17. Qb2 Ng6 18. Qc1 Nd7 19. Bb1 Ndf8 20. Nh2 Ne6 21. f4
Nexf4 $1 22. Rxf4 (22. Bxf4 Nxf4 23. Rxf4 d3 24. Rf2 Qd4) 22... Bxf4 23. Bxf4
Qa5 24. Nb6 Nxf4 25. Nxa8 d3 $1 26. Nf3 Ne2+ 27. Rxe2 dxe2 28. Kf2 Be6 $17 {
0-1 Hillarp Persson,T-Cramling,P/Gothenburg 2005/CBM 107 ext (37)}) 15... h6 (
15... Nf8 $5 16. Rb1 $5 (16. e5 Nd5 17. Bg5 Qd7 18. Rc1 (18. Rb1 h6 19. Bh4 Nf4
20. Bf1 N8g6 21. Bg3 Rd8 22. Rb4 Ne6 23. Rb3 Qe7 24. Qc2 Rb8 25. Reb1 Ng5 $17 {
0-1 Lengyel,L-Godena,M/Budapest 1995/EXT 1997 (45)}) 18... Nc3 19. Nxc3 dxc3
20. Qc2 Ba5 21. Re4 Qc7 22. Nd4 Ne6 23. Nxe6 Bxe6 24. Re3 h6 25. Bh4 Bb4 $17 {
1/2-1/2 Moiseenko,A-Malakhatko,V/Kusadasi 2006/CBM 111 ext (74)}) 16... Ne6 (
16... h6 {-15...h6}) 17. Qc2 Nd7 18. e5 h6 {Bagirov,V-Godena,M/Cattolica 1994/
Inf 61} (18... h6 19. Rb4 $1 Qe7 20. Rc4 $14 {Bagirov,V})) (15... Nh5 $6 16. e5
g6 17. g4 Nxe5 $1 (17... Ng7 18. Bg5 f6 19. Qb3+ Kf8 20. exf6 Nxf6 21. Rxe8+
Ngxe8 22. Re1 $18) 18. Nxe5 Bxe5 19. Nb6 Rb8 20. gxh5 Bxh3 21. Qf3 Qh4 22. Re4
Qxh5 23. Qxh5 gxh5 24. Rae1 Bf5 25. Nd7 $1 Bxe4 26. Rxe4 Bg7 27. Nxb8 Rxb8 28.
Bf4 Rd8 29. Re7 $18 {1-0 Schmidt,W-Kempinski,R/Warsaw POL 2006/The Week in
Chess 634 (41)}) 16. Rb1 Rb8 $5 (16... Nf8 17. Qc1 $1 (17. Rb4 N6d7 $1 18. Qc2
Qf6 19. Nxd4 Ba5 20. Nf5 $1 Bxb4 $6 (20... Ne5 $1 21. Nd6 Bxh3 $1 $13 {L.Van
Wely}) 21. Bxb4 Ne5 22. Nd6 Rd8 $2 (22... Bxh3 $8) 23. Nb6 Rb8 24. Re3 Be6 25.
Bc3 $16 {1-0 Van Wely,L-Bacrot,E/Germany 2006/EXT 2007/[Van Wely] (34)}) (17.
Qc2 Rb8 (17... Ne6 18. Bc4 (18. Qc4 $5) 18... Rb8 19. Rb3 Qe7 20. Qc1 Rd8 21.
e5 Nd5 22. Bd3 Nc3 23. Bxc3 dxc3 24. Qxc3 Nf4 $15 {0-1 Nagatz,F-Martinovic,S/
Dresden GER 2007/The Week in Chess 649 (72)}) 18. Rb3 Ne6 19. e5 Nd5 20. Re4
Ng5 21. Bxg5 hxg5 22. Qb2 Qe7 23. Qxd4 Nf4 24. Bf1 Be6 $17 {0-1 Khaghani,
B-Vysochin,S/Istanbul 2006/EXT 2007 (31)}) 17... Rb8 18. Rb4 Ne6 19. Rc4 Ba5
20. Bxa5 Qxa5 21. Nxd4 Nxd4 22. Rxd4 Qc7 23. Rd6 Be6 24. Nb6 Red8 25. e5 Ne8
26. Qf4 $1 Qe7 27. Re3 Nxd6 28. cxd6 Qg5 29. Qe4 g6 30. Rg3 Bf5 31. Qf3 Qc1+
32. Kh2 Bxd3 33. e6 $3 Qc5 34. Qxf7+ Kh8 35. Qf6+ Kh7 36. Rxd3 $18 {1-0
Palliser,R-Malakhatko,V/Port Erin 2005/CBM 108 ext (40)}) (16... Nh7 17. Bc4
Qf6 (17... Nhf6 $5) 18. Rb3 $1 Nhf8 $6 (18... Ne5 19. Nxe5 Qxe5 20. f4 $14) 19.
Bc1 Ng6 20. Nxd4 Nde5 21. Bf1 Rd8 $6 (21... Nf4 $5 {G.Kasparov}) 22. Bb2 Nh4 $6
(22... Nf4) 23. Ree3 $1 $16 {1-0 Kasparov,G-Gelfand,B/Linares 1991/Inf 51/
[Kasparov,G] (37)}) 17. Rb4 Qe7 18. e5 (18. Qc2 $5) (18. Rc4 $5) 18... Nd5 19.
Rc4 (19. Rxd4 Nxe5 20. Nxe5 Bxe5 21. Rde4 Qf6 22. Qh5 Bf5 23. Rxe5 Rxe5 24.
Rxe5 Bxd3 $17 {1/2-1/2 De Jong,J-Vera,R/Badalona 2006/CBM 113 ext (102)}) 19...
Qf8 20. e6 Rxe6 21. Rxe6 fxe6 22. Rxd4 e5 23. Rc4 N7f6 24. Qe1 e4 $1 25. Rxe4
Bf5 26. Rd4 Bxd3 27. Rxd3 Re8 $17 {0-1 Gasanov,E-Lastin,A/Voronezh RUS 2007/
The Week in Chess 658 (36)}) 14... Re8 (14... h6 15. Bh4 Qe7 16. Qc2 Ne5 (16...
Rd8 $5) 17. Nxe5 Qxe5 18. f4 Qh5 19. Bxf6 gxf6 20. Qf2 Rd8 21. Rab1 Re8 22. Rb3
Kf8 23. Be2 Bg4 24. Rh3 Bxe2 25. Rxh5 Bxh5 26. h3 Ke7 27. e5 fxe5 28. Qh4+ Kf8
29. Qxh5 e4 30. Qxh6+ {1-0 Campos Moreno,J-Michalczak,T/Illes Medes ESP 2006/
The Week in Chess 635}) 15. Re1 Rb8 $1 $146 {[%mdl 8] We have already seen
this prophylactic move in one of the above variations.} (15... h6 16. Bh4 Ne5
17. Nxe5 Bxe5 18. Nb6 Ra7 19. Nc4 Qc7 20. Nxe5 Qxe5 21. Rc1 Qh5 22. Bg3 Qxd1
23. Rcxd1 Be6 24. Bb1 Nd7 25. Rc1 Rc8 26. f4 f6 27. Bf2 $14 {1/2-1/2 Kraemer,
M-Doric,D/Szeged HUN 2007/The Week in Chess 653 (56)}) (15... Ne5 16. Nxe5 Rxe5
17. Bh4 {/\ Bg3~/=[+] G.Kasparov}) 16. Bc2 {White has nothing better than to
recapture the d4-pawn but Black comfortably develops his pieces in the
meantime.} (16. Nxd4 $2 Nxc5 $1) 16... h6 17. Bh4 Nf8 (17... Ne5 $5 18. Nxd4
Ng6 19. Bg3 Nf4) 18. Qxd4 (18. e5 g5 $8 19. Bg3 (19. exf6 Rxe1+ 20. Qxe1 gxh4)
19... Nh5 20. Re4 Nxg3 21. hxg3 g4 22. Nxd4 Rxe5 $15) 18... Bg4 19. Bg3 {
It was better to keep the queens on the board:} (19. Qe3 Ng6 20. Rad1 (20. Bg3
Nd5 21. Qb3 Ndf4 $36) 20... Qe7 21. Bg3 $11) 19... Ne6 (19... Bxg3 $5 20. hxg3
Bxf3 21. Qxd8 Rexd8 22. gxf3 Ne6 $15 {[%csl Rc5]}) 20. Qxd8 $6 ({Again} 20. Qe3
{was probably better.}) 20... Rbxd8 21. Ne5 $6 (21. Rab1 $142 $132) 21... Rd2
22. Bb3 Bxe5 23. Bxe5 Nxc5 24. Nxc5 Rxe5 25. Nxb7 Bc8 26. f4 Rxe4 27. Rxe4 Nxe4
28. Re1 Bxb7 29. Rxe4 {[%mdl 4096] As a result of the complications, Black is
a pawn up in the endgame. However, the active position of the white pieces
complicates his task.} Kf8 (29... c5 30. Re8+ Kh7 31. g3 {[%csl Rh7][%cal
Re8e7]}) 30. Rb4 Rd7 31. Kf2 Ke7 32. Ke3 c5 $2 {Quite obvious but wrong!} (
32... Kd8 $1 {[%cal Yd8c7] was correct} 33. a4 $140 (33. Rd4 c5) 33... a5) 33.
Rb6 Kd8 34. a4 {Black can't prevent a4-a5 now.} Kc7 (34... a5 35. g3 {and
Black can't improve his position as} Kc7 {is met with} 36. Rb5 Kc6 37. Rxa5)
35. a5 {The weak a6 pawn deprives Black of winning chances now.} Rd4 (35... Rd6
36. Rxd6 Kxd6 37. Bxf7 Bxg2 (37... Bd5 38. Bxd5 Kxd5 39. Kd3 $11 {_|_}) 38. Bc4
Bb7 39. h4 Ke7 40. f5 Kd7 41. Kf4 Kd6 42. Bf1 Bd5 43. Bxa6 c4 44. Ke3 $11) 36.
g3 f6 37. Bc2 {[%cal Yc2d3]} Rd6 {Black relies on his 39th move - in vain!} 38.
Rxd6 Kxd6 39. Bd3 c4 40. Bxc4 Kc5 41. Bd3 Kb4 42. Kd4 Kxa5 43. Kc5 Bc8 44. Bc2
{The black king can't get out of this cage!} (44. Bc2 Bd7 45. Bd1 Ba4 46. Bf3
Bc2 47. Be2 $1 $11 ({but not} 47. Bc6 Bd3 48. Bd7 Bb5)) 1/2-1/2